01433nam a2200337 a 4500001001200000003000800012006001900020007001500039008004100054020002500095020001800120020002700138040002100165035002100186043002100207050002800228100002600256245009700282260005400379300006000433504005100493533015200544651003500696651006000731651005400791651005900845655002900904710001700933856012600950999001901076ebr10497433CaPaEBRm u cr cn|||||||||111031s2009 enkabf sb 001 0 eng d z9781906876289 (pbk.) z9781906876135 z9789004212879 (e-book) aCaPaEBRcCaPaEBR a(OCoLC)754793320 aa-ja---ae-uk---14aDS897.N2957bB87 2009eb1 aBurke-Gaffney, Brian.10aNagasakih[electronic resource] :bthe British experience, 1854-1945 /cBrian Burke-Gaffney. aFolkestone, Kent, U.K. :bGlobal Oriental,c2009. axv, 288 p., [32] p. of plates :bill. (some col.), map. aIncludes bibliographical references and index. aElectronic reproduction.bPalo Alto, Calif. :cebrary,d2011.nAvailable via World Wide Web.nAccess may be limited to ebrary affiliated libraries. 0aNagasaki-shi (Japan)xHistory. 0aNagasaki-shi (Japan)xForeign relationszGreat Britain. 0aNagasaki-shi (Japan)xHistoryyBombardment, 1945. 0aGreat BritainxForeign relationszJapanzNagasaki-shi. 7aElectronic books.2local2 aebrary, Inc.40uhttp://site.ebrary.com/lib/rucke/Doc?id=10497433zAn electronic book accessible through the World Wide Web; click to view c128896d128896